000 00658nam a2200205Ii 4500
003 JO-AjNU
008 230605s9999||||xx |||||||||||||| ||und||
017 _a1983/9/461
040 _aJO-AjNU
_bara
_erda
_cJO-AjNU
041 _aara
050 1 4 _aGB5405 1983
100 3 _aالطيطي، صالح حسين,
_eauthor
_938922
245 0 0 _aأسس الجغرافية العامة
264 3 1 _aعمان: المؤلف، 1983
300 _a216ص
_bخرائط وصور توضيحية
336 _atext
_btxt
_2rdacontent
337 _aunmediated
_bn
_2rdamedia
338 _avolume
_bnc
_2rdacarrier
650 4 _aالجغرافية العامة-أسس
_938923
999 _aA16395
_c19963
_d19963